00450nam a2200181 a 4500001001300000003000900013005001700022008004100039020001000080082001500090100001700105245002200122260003800144300000900182500003500191505001500226650002700241nice12345678IN_TiNIC20260116011333.0050524s1956 lona grp 000 0 eng  ac10000a232.9bROP aRops, Daniel aJesus in His Time aLondonbEyre & Spottiswoodec1956 a492p aincludes index and biblioraphy2 aIndex, Ill aJesus Christ-Biography